Statistiques concernant Cyclisme- Coureurs victorieux en World Tour en 2022

Cliquez ici pour prendre le quiz!

Statistiques générales

  • Ce quiz a été pris 28 fois
  • Le résultat moyen est 34 sur 86

Statistiques - réponses

Nb de victoiresNationalitéEquipeCoureur% Correct
12SlovénieUAE Team EmiratesTadej Pogacar
100%
5DanemarkTeam Jumbo-VismaJonas Vingegaard
92%
9BelgiqueTeam Jumbo-VismaWout Van Aert
92%
6BelgiqueQuick-Step Alpha Vinyl TeamRemco Evenepoel
88%
4EquateurIneos-GrenadiersRichard Carapaz
88%
4SlovénieTeam Jumbo-VismaPrimoz Roglic
85%
4FranceGroupama-FDjArnaud Démare
81%
4BelgiqueAlpecin-DeceuninckJasper Philipsen
77%
3Pays-BasAlpecin-DeceuninckMathieu Van Der Poel
77%
3Royaume-UniTeam BikeExchange-JaycoSimon Yates
77%
3RussieBora-HansgroheAleksandr Vlasov
73%
3IrlandeBora-HansgroheSam Bennett
73%
1FranceGroupama-FDJDavid Gaudu
65%
1FranceQuick-Step Alpha Vinyl TeamJulian Alaphilippe
65%
4DanemarkTrek-SegafredoMads Pedersen
65%
2FranceTeam Jumbo-VismaChristophe Laporte
62%
1FranceGroupama-FDJThibaut Pinot
62%
2ErythréeIntermarché - Wanty - Gobert MatériauxBiniam Girmay
58%
2ItalieIneos-GrenadiersFilippo Ganna
58%
2ColombieIneos GrenadiersDaniel Felipe Martinez
54%
1Royaume-UniIneos GrenadiersGeraint Thomas
54%
3ColombieBora-HansgroheSergio Higuita
54%
1FranceAG2R Citroën TeamBenoît Cosnefroy
50%
1FranceTeam Arkéa-SamsicWarren Barguil
50%
2BelgiqueBahrain-Victorious / Israel-Premier TechDylan Teuns
46%
2AustralieBora-HansgroheJai Hindley
46%
2AustralieTeam BikeExchange-JaycoMichael Matthews
46%
1SlovaquieTotalEnergiesPeter Sagan
46%
1Royaume-UniIneos GrenadiersTom Pidcock
46%
1LuxembourgAG2R Citroën TeamBob Jungels
42%
1PortugalUAE Team EmiratesJoao Almeida
42%
1DanemarkEF Education-Easy PostMagnus Cort
42%
1SlovénieBahrain-VictoriousMatej Mohoric
42%
1SuisseEF Education-Easy PostStefan Bissegger
42%
1AustralieLotto-SoudalCaleb Ewan
38%
2AustralieAlpecin-DeceuninckJay Vine
38%
1AustralieAG2R Citroën TeamBen O'Connor
35%
2Pays-BasQuick-Step Alpha Vinyl TeamFabio Jakobsen
35%
1EspagneCofidisIon Izagirre
35%
1EspagneCofidisJesus Herrada
35%
1PologneIneos GrenadiersMichal Kwiatkowski
35%
2BelgiqueAlpecin-DeceuninckTim Merlier
35%
1EspagneIneos GrenadiersCarlos Rodriguez
31%
1Afrique du SudIsrael Premier TechDaryl impey
31%
1Pays-BasTeam BikeExchange-JaycoDylan Groenewegen
31%
1CanadaIsrael Premier TechHugo Houle
31%
1Afrique du SudIntermarché - Wanty - Gobert MatériauxLouis Meintjes
31%
2Royaume-UniQuick-Step Alpha Vinyl TeamMark Cavendish
31%
1FranceTotalEnergiesMathieu Burgaudeau
31%
1EspagneBahrain-VictoriousPello Bilbao
31%
2AllemagneBahrain-VictoriousPhil Bauhaus
31%
1BelgiqueQuick-Step Alpha Vinyl TeamYves Lampaert
31%
1NorvègeTeam DSMAndreas Leknessund
27%
1Etats-UnisUAE Team EmiratesBrandon McNulty
27%
1Pays-BasIneos GrenadiersDylan Van Baarle
27%
3Royaume-UniIneos GrenadiersEthan Hayter
27%
1AllemagneBora-HansgroheLennard Kämna
27%
1EspagneUAE Team EmiratesMarc Soler
27%
1Pays-BasTeam Jumbo-VismaOlav Kooij
27%
1ItalieTeam DSMAlberto Dainese
23%
1ItalieTrek-SegafredoGiulio Ciccone
23%
1ColombieUAE Team EmiratesJuan Sebastian Molano
23%
2AustralieTeam BikeExchange-JaycoKaden Groves
23%
1ColombieEF Education-Easy PostRigoberto Uran
23%
1ColombieBahrain-VictoriousSantiago Buitrago
23%
1AustralieIsrael Premier TechSimon Clarke
23%
1BelgiqueLotto-SoudalThomas De Gendt
23%
1ItalieQuick-Step Alpha Vinyl TeamAndrea Bagioli
19%
1Royaume-UniQuick-Step Alpha Vinyl TeamEthan Vernon
19%
1BelgiqueIntermarché - Wanty - Gobert MatériauxGerben Thijssen
19%
1République TchèqueIntermarché - Wanty - Gobert MatériauxJan Hirt
19%
1AllemagneBora-HansgrohePascal Ackermann
19%
2Pays-BasIneos GrenadiersThymen Arensman
19%
1ItalieUAE Team EmiratesAlessandro Covi
15%
1FranceTotalEnergiesAlexis Vuillermoz
15%
1République TchèqueGazprom-RusVélo / Trek SegafredoMathias Vacek
15%
1ItalieTeam BikeExchange-JaycoMatteo Sobrero
15%
1BelgiqueAlpecin-DeceuninckDries De Bondt
12%
2Pays-BasTeam Jumbo-VismaKoen Bouwman
12%
1AutricheBora-HansgroheMarco Haller
12%
1AllemagneBora-HansgroheNico Denz
12%
1Nouvelle-ZélandeIsrael Premier TechPatrick Bevin
12%
1ItalieAlpecin-DeceuninckStefano Oldani
12%
1Royaume-UniIsrael Premier TechStephen Williams
12%
1FranceTotalEnergiesValentin Ferron
12%
1EspagneMovistar TeamCarlos Verona
8%

Distribution des résultats

Percentile par nombre de réponses

% des personnes avec chaque résultat

Votre développement - résultats

Vous n’avez pas pris ce quiz